000 00599nam a2200181Ia 4500
008 151018s9999 xx 000 0 und d
082 _bRBASDV514
_a891.463
100 _aया मु पाठक
245 _aधबधब्यांच्या धारेत
250 _b1
260 _bवीणा प्रकाशन
_c1940
300 _a190
600 _aया मु पाठक
630 _aधबधब्यांच्या धारेत
700 _aया मु पाठक
730 _aधबधब्यांच्या धारेत
942 _cBOOK
999 _c1002984
_d1002981